000 00511nam a2200181Ia 4500
999 _c42202
_d42202
003 GCL
005 20240530103743.0
008 140319s9999 xx 000 0 ara d
040 _aGCL /
_cGCL
082 0 4 _a150.192
_bا ت
100 1 _aابراهيم وجيه محمود
245 1 0 _aتحسين التفكير الناقد /
_cابراهيم وجيه محمود
300 _a370 ص
650 0 4 _aعلم النفس
650 0 4 _aنظريات
650 0 4 _aالفروق الفردية
942 _2ddc
_cBK